Every City and CDP in Williams County, Ohio - Statistics

General Stats
  • This quiz has been taken 25 times
  • The average score is 10 of 14
Answers on the Map
Answers color-coded by a green-red scale on the quiz's map according to % correct below.
 
Answer Stats
Population Type Answer % Correct
8729 City Bryan
86%
1429 Town Pioneer
86%
200 CDP Alvordton
71%
104 Town Blakeslee
71%
1881 Town Edgerton
71%
796 Town Edon
71%
48 Town Holiday City
71%
173 CDP Kunkle
71%
3942 Town Montpelier
71%
121 CDP Pulaski
71%
1259 Town Stryker
71%
1763 Town West Unity
71%
529 CDP Lake Seneca
57%
210 CDP Nettle Lake
57%
No matching quizzes found
Score Distribution
Percent of People with Each Score
Percentile by Number Answered
Your Score History
You have not taken this quiz